Principais julgados STF e STJ comentados 2014 / (Record no. 1399)

MARC details
000 -LÍDER
Campo Fixo de Controle 00842nam a2200241 a 4500
001 - NÚMERO DE CONTROLE
Campo de Controle 1399
003 - IDENTIFICAÇÃO DO NÚMERO DE CONTROLE
Campo de Controle BR-CuiBMT
005 - DATA E HORA DA ÚLTIMA ATUALIZAÇÃO
Campo de Controle 20231206203831.0
008 - DADOS FIXOS
Dados Fixos 231206s2015 amb 000 0 por d
020 ## - INTERNATIONAL STANDARD BOOK NUMBER
Nº do ISBN 9788567168043
040 ## - AGÊNCIA CATALOGADORA
Código da Agência Catalogadora BR-CuiBMT
Agência que transcreveu o registro BR-CuiBMT
080 ## - Nº DA CLASSIFICAÇÃO DECIMAL UNIVERSAL
Nº edição CDU 2007
Nº Class. CDU 347.991
090 ## - NÚMERO DE CHAMADA
Nº classificação 347.991
Cutter C376p
100 1# - ENTRADA PRINCIPAL -- AUTOR PESSOAL
Nome pessoal Cavalcante, Márcio André Lopes
245 10 - TÍTULO PRINCIPAL
Título principal Principais julgados STF e STJ comentados 2014 /
Indicação de responsabilidade Márcio André Lopes Cavalcante.
260 ## - PUBLICAÇÃO, DISTRIBUIÇÃO, ETC.
Local de publicação Manaus :
Editora Dizer o Direito,
Data 2015.
300 ## - DESCRIÇÃO FÍSICA
N. páginas ou volumes 1581 p. ;
Dimensões 24 cm
500 ## - NOTAS GERAIS
Notas gerais Inclui as súmulas organizadas por assunto. Abrange os informativos 733-771 STF e 533-552 STJ. Confira as atualizações periodicamente publicadas no site.
504 ## - NOTA DE BIBLIOGRAFIA, ETC.
Nota de bibliografia Inclui a bibliografia.
650 ## - ASSUNTO TÓPICO
Cabeçalho tópico ou nome geográfico Direito
Subdivisão geográfica Brasil
650 ## - ASSUNTO TÓPICO
Cabeçalho tópico ou nome geográfico Supremo Tribunal Federal
942 ## - ELEMENTOS DE ENTRADA ADICIONAIS (KOHA)
Fonte de classificação ou esquema de arquivamento Classificação Decimal Universal
Tipo de item do Koha Livros
Holdings
Estado: removido Estado: perdido Fonte de classificação ou esquema de arquivamento Estado: danificado Indisponível para empréstimo Localização permanente Localização atual Data de aquisição Total Checkouts Número de Chamada completo Código de barras Date last seen Número do exemplar Preço efetivo a partir de Tipo de item (Koha)
    Classificação Decimal Universal     Biblioteca da Escola Superior de Contas do TCE/MT Biblioteca da Escola Superior de Contas do TCE/MT 06/12/2023   347.991 C 376p BIBTCEMT23120281 06/12/2023 Ex. 1 06/12/2023 Livros

Powered by Koha